000 00453nam a2200169Ia 4500
008 221030s9999 xx 000 0 und d
020 _a8121919908
041 _aEnglish
082 _a105.23
_bKan
100 _aP. Kandasamy
245 2 _aA Text Book of Engineering Mathematics Vol. II
_cby P. Kandasamy, Balusamy, V
260 _bS. Chand & Co.
_aNew Delhi
_c2000
300 _a722
650 _aBE Mathematics
700 _aBalusamy, V
942 _cBK
999 _c3086
_d3086